000 00513nam a2200205Ia 4500
003 OSt
005 20250531124014.0
008 210210b2004 xxu||||| |||| 00| 0 eng d
020 _a81 219 0463 3
040 _cAL
082 _a581 VASB
100 _aVASHISHTA (B R)
_9212077
245 _aBotany for degree students Part III Bryophyta
260 _aND
_bS. Chand & Co. Ltd.
_c2004
300 _avii,488p.
650 _aBryophyta
_9212078
690 _aBotan
_9212079
906 _aSG0446
942 _2ddc
_cSG
999 _c114948
_d114948